000 00587nam a2200169Ia 4500
008 090711s9999 xx 000 0 und d
082 _b1095
100 _aलागू िSतांामणी
245 _aकशासाठी पोटासाठी
260 _bवसंत बुक स्टॉल
_c2000
300 _a143
600 _aलागू िSतांामणी
630 _aकशासाठी पोटासाठी
700 _aलागू िSतांामणी
730 _aकशासाठी पोटासाठी
942 _cBOOK
999 _c338100
_d338100